Vista normal
Vista MARC
Entrada Topical Term
Número de registros utilizados en: 1
001 - CONTROL NUMBER
- control field: 30703
003 - CONTROL NUMBER IDENTIFIER
- control field: OSt
005 - DATE AND TIME OF LATEST TRANSACTION
- control field: 20231102145948.0
008 - FIXED-LENGTH DATA ELEMENTS
- fixed length control field: 160411|| aca||aabn | a|a d
040 ## - CATALOGING SOURCE
- Original cataloging agency: OSt
- Transcribing agency: OSt
150 ## - HEADING--TOPICAL TERM
- Topical term or geographic name entry element: ENFERMEDADES MENTALES
- General subdivision: DIAGNÓSTICO
- Form subdivision: MANUALES
670 ## - SOURCE DATA FOUND
- Source citation: Work cat.: (OSt): American Psychiatric Association. 26183, Manual de diagnóstico y estadístico de los trastornos mentales, , 2014.